Регионална библиотека "Любен Каравелов" - Русе

Целувката на пчелата (Запис номер 68915)

MARC детайли
000 -Лидер
Контролно поле с фиксирана дължина 01099nam a2200301 c 4500
003 - Код на организацията, давaща контролен номер
Контролно поле BLK
005 - Дата и час на последна редакция
Контролно поле 20180422103024.0
008 - Елементи от данни с фиксирана дължина
fixed length control field 180408b bul|||||r ||||||| ||bul||
010 ## - Наследен системен номер
LC control number KNG00073254000
020 ## - Международен стандартен номер на книга ISBN
Международен стандартен номер на книга ISBN 978-954-733-505-9
-- издат.: Прозорец
040 ## - Източник на каталожния запис
Идентификатор на билиотеката - собственик на записа BLK
041 ## - Код за език
Код за езика на текст/звукозапис или на отделно заглавие Български
Код за езика КДБФ Български
080 ## - УДК
Текстов определител УДК Английска литература
УДК код - определител по УДК 821.111
УДК определител -312.4
УДК - код + определител 821.111-312.4
100 1# - Редна дума - Автор
Автор Клевърли, Барбара
Авторска отговорност първи автор
R(LIN) 79623
139 ## - Редно поле
Редна дума Клевърли, Барбара
Авторски знак Кла - К 63
245 10 - Сведения за заглавието
Заглавие Целувката на пчелата
Редно поле (дума) Барбара Клевърли; прев. от англ. Павел Димитров Талев.
257 ## - Страна на издаване
Страна на създаване/издаване Великобритания
260 ## - Област на издателските данни
-- София
Име на издателя, разпространителя и проч. Прозорец
Година на издаване 2007
300 ## - Физическа характеристика
Страници 326 с.
Размери/Мащаб 20 см
380 ## - Жанр
Жанр Худож. лит.
500 ## - Общи забележки
Забележка Ориг. загл. The Bee's Kiss / Barbara Cleverly
700 1# - Други автори (авторска отговорност)
Лично име Талев, Павел Димитров
Автороска отговорност (Описва отношението между автора и произведението) прев. от англ.
9 (RLIN) 367880
852 ## - Местоположение
Форматна сигнатура Цб 232567
856 4# - Електронен адрес и достъп
Електронен формат pdf - файл
Път до файла /url/
856 4# - Електронен адрес и достъп
Електронен формат pdf - файл
Път до файла /url/
942 ## - АРТИКУЛИ
Вид на библиотечния материал Книги
Скрит в OPAC Не
944 ## - СЪЗДАВАНЕ И РЕДАКЦИЯ на ЗАПИСА
Създаване/Редакция Създаване
Дата на регистрацията/редакция 21.03.2007
Служител, извършил регистрацията/редакцията Милена_Ачева
944 ## - СЪЗДАВАНЕ И РЕДАКЦИЯ на ЗАПИСА
Създаване/Редакция Редакция
Дата на регистрацията/редакция 08.12.2008
Служител, извършил регистрацията/редакцията
999 ## - СИСТЕМНИ КОНТРОЛНИ НОМЕРА
Koha biblionumber 68915
Koha biblioitemnumber 68915
Наличности
Код за отписване Код за изгубен артикул Източник на класификационната схема Код за повреда Коз за рестрикции Код за отдаване Артикулен № Име на библиотеката - собственик Име на библиотеката, в която се намира в момента Статус (Текущо местоположение) Дата на вписване в системата Местоположение - отдел Цена в лева Инвентарен номер Систематично азбучна сигнатура Баркод Номер на екземпляра Цена в евро Служебна бележка Служебен тип на артикула
Изтеглен Не е изгубен Universal Decimal Classification Не е повреден без рестрикции заемане за дома 113176 Регионална библиотека "Любен Каравелов" Русе Регионална библиотека "Любен Каравелов" Русе Заемна - подръчен фонд 2007-03-21 Заемна - подръчен фонд 9.80 120000711462 П 820-31/К 63 120000711462 1 5.01 Дост: Pk Вид: Ф N: 135 Дата: 21.03.2007 Книги
  Не е изгубен   Не е повреден без рестрикции ползва се в читалня 113177 Регионална библиотека "Любен Каравелов" Русе Регионална библиотека "Любен Каравелов" Русе Хранилище 2008-02-14 Хранилище 9.80 120000723306 Цб 232567 120000723306 2 5.01 Дост: Dp Вид: Д N: 46 Дата: 24.10.2007 Книги
Vip Innovations Ltd, Rousse, Bulgaria 2025